000
00226nam a2200085Ia 4500
008
120527s9999 xx 000 0 und d
100
_a
Sanyal, N. Rajib
245
_a
International Management: a strategic perspective
942
_c
BK
999
_c
27246
_d
27246